LEADER 01329nam a2200229 i 4500 001 000000136386 003 CaOOAMICUS 005 20151012000000.0 008 151012s1759 it u000 u ita u 013 $a109938 026 $ahete n-oa n-o- AgL' (3) 1759 (R) 040 $aSeMil$bita 245 10$aRelazione della vita, virtů e miracoli di S. Tommaso da Villanova ... recitata nel sacro concistoro dall'eminentissimo cardinale Pallotti, e dal latino tradotta in italiano da un religioso agostiniano scalzo .. 260 $aIn Pavia :$bPer gli Eredi Ghidini,$c1759. 300 $a100 p., [1] carta di tav. :$britr. ;$c12°. 500 $aIniz., fregi xilogr. - Segn. : A-C12 D14. 600 04$aTommaso : di Villanova .$0(OLS)http://semarc/subject/16178 710 2 $aGhidini eredi$c.$0(OLS)http://semarc/name/55524 850 $aSeMil 852 $aSeMil$W1$xVenegono$y1$m3H I 79 FA$j90001$B90001$CSeMilBibl$Z2$F94881 $8I 996 $6245$aRelazione della vita, virtů e miracoli di S. Tommaso da Villanova ... recitata nel sacro concistoro dall'eminentissimo cardinale Pallotti, e dal latino tradotta in italiano da un religioso agostiniano scalzo ..$9(OLS)http://semarc/title/199278 996 $6260$aIn Pavia :$bPer gli Eredi Ghidini$9(OLS)http://semarc/publisher/46961 LEADER 01283nam a2200277 i 4500 001 000000137116 003 CaOOAMICUS 005 20220525122313.0 008 050407s1973 it u000 u ita u 013 $a110853 040 $aSeMil$bita 100 1 $aDe Sanctis, Francesco,$d<1817-1883>.$0(OLS)http://semarc/name/1328 245 10$aStoria della letteratura italiana /$cdi Francesco De Sanctis ; a cura di Gianfranco Contini. 250 $aRistampa. 264 1$aTorino :$bUnione Tipografico-Editrice Torinese,$c1973. 300 $a863 p., [6] c. di tav. ;$c24 cm. 490 1 $aClassici Italiani 650 4$aLetteratura italiana - Storia.$0(OLS)http://semarc/subject/541 650 4$aDe Sanctis, Francesco <1817-1883> . Storia della letteratura italiana.$0(OLS)http://semarc/subject/52328 700 1 $aContini, Gianfranco,$d<1912-1990>.$0(OLS)http://semarc/name/2323 830 0$aClassici Italiani .$0(OLS)http://semarc/title/16424 850 $aSeMil 852 $aSeMil$W1$xVenegono$y1$m1G I 37$j238596$B90680$CSeMilBibl$Z2$F95532 $81 996 $6245$aStoria della letteratura italiana$9(OLS)http://semarc/title/2503 996 $6264$aTorino :$bUnione Tipografico-Editrice Torinese$9(OLS)http://semarc/publisher/29628 LEADER 01244nam a2200289 4500 001 000000359845 003 CaOOAMICUS 005 20240918104129.0 008 240918s1978 it 000 u ita r 020 $a88-207-0808-6 040 $aSeMil$bita 100 1 $aBottomore, Thomas Burton,$d<1920-1992>.$0(OLS)http://semarc/name/39255 240 10$aSociology as social criticism.$0(OLS)http://semarc/title/450265 245 10$aSociologia come critica sociale /$cT. B. Bottomore ; premessa di Franco Ferrarotti. 264 1$aNapoli :$bLiguori,$c1978. 300 $a245 p. ;$c21 cm 490 1 $aContributi di sociologia ;$v47 650 4$aSociologia.$0(OLS)http://semarc/subject/3570 700 1 $aFerrarotti, Franco,$d<1926-2024>.$0(OLS)http://semarc/name/23 830 0$aContributi di sociologia ;$v47.$0(OLS)http://semarc/title/30019 850 $aSeMil 852 $aSeMil$W1$xVenegono$y1$m3M II 408$j250856$B250895$CSeMilBibl$Z2$F250895 $81 961 $aBuzzi mons. Franco - Omaggio 996 $6020$a88-207-0808-6$9(OLS)http://semarc/number/301268 996 $6245$aSociologia come critica sociale$9(OLS)http://semarc/title/450266 996 $6264$aNapoli :$bLiguori$9(OLS)http://semarc/publisher/31052